<?xml version="1.0" encoding="UTF-8"?><?xml-stylesheet type="text/xsl" href="static/style.xsl"?><OAI-PMH xmlns="http://www.openarchives.org/OAI/2.0/" xmlns:xsi="http://www.w3.org/2001/XMLSchema-instance" xsi:schemaLocation="http://www.openarchives.org/OAI/2.0/ http://www.openarchives.org/OAI/2.0/OAI-PMH.xsd"><responseDate>2026-04-13T09:52:29Z</responseDate><request verb="GetRecord" identifier="oai:www.recercat.cat:2117/355860" metadataPrefix="marc">https://recercat.cat/oai/request</request><GetRecord><record><header><identifier>oai:recercat.cat:2117/355860</identifier><datestamp>2026-02-04T06:53:24Z</datestamp><setSpec>com_2072_1033</setSpec><setSpec>col_2072_452950</setSpec></header><metadata><record xmlns="http://www.loc.gov/MARC21/slim" xmlns:dcterms="http://purl.org/dc/terms/" xmlns:xsi="http://www.w3.org/2001/XMLSchema-instance" xmlns:doc="http://www.lyncode.com/xoai" xsi:schemaLocation="http://www.loc.gov/MARC21/slim http://www.loc.gov/standards/marcxml/schema/MARC21slim.xsd">
   <leader>00925njm 22002777a 4500</leader>
   <datafield ind2=" " ind1=" " tag="042">
      <subfield code="a">dc</subfield>
   </datafield>
   <datafield ind2=" " ind1=" " tag="720">
      <subfield code="a">Dantas, Adriana</subfield>
      <subfield code="e">author</subfield>
   </datafield>
   <datafield ind2=" " ind1=" " tag="720">
      <subfield code="a">Verruck, Silvani</subfield>
      <subfield code="e">author</subfield>
   </datafield>
   <datafield ind2=" " ind1=" " tag="720">
      <subfield code="a">Hernández Yáñez, Eduard</subfield>
      <subfield code="e">author</subfield>
   </datafield>
   <datafield ind2=" " ind1=" " tag="720">
      <subfield code="a">Machado Canella, Maria Helena</subfield>
      <subfield code="e">author</subfield>
   </datafield>
   <datafield ind2=" " ind1=" " tag="720">
      <subfield code="a">Prudêncio, Elane Schwinden</subfield>
      <subfield code="e">author</subfield>
   </datafield>
   <datafield ind2=" " ind1=" " tag="260">
      <subfield code="c">2021-10</subfield>
   </datafield>
   <datafield ind2=" " ind1=" " tag="520">
      <subfield code="a">This work aims to manufacture a new concentrated lactose-free probiotic yogurt. For&#xd;
this purpose, the probiotic Bifidocaterium BB-12 was incorporated in a concentrated&#xd;
lactose-free yogurt, both in its free form and previously encapsulated. Previous cell&#xd;
encapsulation was performed using the spray-drying technique with the following wall&#xd;
materials: lactose-free milk, lactose-free milk and inulin, and lactose-free milk and&#xd;
oligofructose. Thus, three different probiotic powders were obtained and added&#xd;
separately to three fractions of concentrated lactose-free yogurt. The probiotic survival&#xd;
of both powders and yogurts was evaluated during refrigerated storage. Likewise, the&#xd;
viability of starter cultures in yogurt (Lactobacillus bulgaricus and Streptococcus&#xd;
thermophilus) was controlled. In addition, the physicochemical properties of the four&#xd;
yogurts were also measured (color, pH and acidity, and texture properties). All three&#xd;
powders showed good probiotic viability (>8 log CFU g-1) throughout 120 days of&#xd;
storage at 4 ºC. In turn, yogurt formulations (with the addition of powders or free&#xd;
bifidobacteria) presented probiotic viability above 7 log CFU g-1 after storage; as well&#xd;
as the starter cultures (> 8 log UFC g-1). Yogurt with probiotic powder from lactosefree&#xd;
milk showed a more yellowish color; however, these differences would not be&#xd;
detected by the human eye (¿E &lt; 3.00). The yogurt with bifidobacteria free cells&#xd;
showed a greater post-acidification process (pH 4.18 to 4.02 and titratable acidity 1.52&#xd;
to 1.89). It was not observed differences for firmness values of yogurt with free cells&#xd;
addition and yogurt with lactose-free milk and oligofructose powder addition. A slight&#xd;
significant decrease in the cohesiveness was observed in the yogurt elaborated with&#xd;
bifidobacteria free cells. The gumminess showed fluctuating values between all concentrated lactose-free yogurts. At the end of this study, we conclude that these&#xd;
probiotic powders can be incorporated into innovative lactose-free yogurts.</subfield>
   </datafield>
   <datafield ind2=" " ind1=" " tag="520">
      <subfield code="a">The authors are grateful to the Coordination of Improvement of Higher &#xd;
Education Personnel (CAPES, Brazil) [CAPES-PRINT, Project number &#xd;
88887.310560/2018-00]; to National Council for Scientific and Technological &#xd;
Development  (CNPq,  Brazil)  by  the  financial  support  [CNPq,  405965/2016-8],  and &#xd;
Coordination  of  Improvement  of  Higher  Education  Personnel  (CAPES,  Brazil)  by  the &#xd;
scholarship [001]</subfield>
   </datafield>
   <datafield ind2=" " ind1=" " tag="520">
      <subfield code="a">Postprint (updated version)</subfield>
   </datafield>
   <datafield tag="653" ind2=" " ind1=" ">
      <subfield code="a">Àrees temàtiques de la UPC::Enginyeria agroalimentària::Indústries agroalimentàries</subfield>
   </datafield>
   <datafield tag="653" ind2=" " ind1=" ">
      <subfield code="a">Prebiotics.</subfield>
   </datafield>
   <datafield tag="653" ind2=" " ind1=" ">
      <subfield code="a">Bifidobacteria</subfield>
   </datafield>
   <datafield tag="653" ind2=" " ind1=" ">
      <subfield code="a">Lactose-free</subfield>
   </datafield>
   <datafield tag="653" ind2=" " ind1=" ">
      <subfield code="a">Skyr-style yogurt</subfield>
   </datafield>
   <datafield tag="653" ind2=" " ind1=" ">
      <subfield code="a">Probiotic food</subfield>
   </datafield>
   <datafield tag="653" ind2=" " ind1=" ">
      <subfield code="a">Inulin</subfield>
   </datafield>
   <datafield tag="653" ind2=" " ind1=" ">
      <subfield code="a">Texture.</subfield>
   </datafield>
   <datafield tag="653" ind2=" " ind1=" ">
      <subfield code="a">Prebiòtics</subfield>
   </datafield>
   <datafield ind2="0" ind1="0" tag="245">
      <subfield code="a">Encapsulated Bifidobacterium BB-12 addition in a concentrated lactose-free yogurt: its survival during storage and effects on the product's properties</subfield>
   </datafield>
</record></metadata></record></GetRecord></OAI-PMH>